000 00903cam a22003133a 4500
001 16128
003 PGUSA
005 20140828083338.0
008 050625s2005||||xxu|||||s|||||000 | eng d
040 _aPGUSA
_beng
042 _adc
050 4 _aPR
100 1 _aShakespeare, William,
_d1564-1616
245 1 0 _aLe Jour des Rois
_h[electronic resource] /
_cWilliam Shakespeare
260 _bProject Gutenberg,
_c2005
506 _aPublic domain in the USA.
516 _aElectronic text
653 _aMistaken identity -- Drama
653 _aBrothers and sisters -- Drama
653 _aShipwreck survival -- Drama
653 _aComedies
653 _aTwins -- Drama
653 _aIllyria -- Drama
700 1 _aGuizot, François,
_d1787-1874
740 0 _aTwelfth night. French
830 0 _aProject Gutenberg
_v16128
856 4 0 _uhttp://www.gutenberg.org/ebooks/16128
942 _cEB
999 _c245383
_d245383